00360 2200157 4500245002700000020002200027100001400049650001700063650001000080005001900090260004200109041001400151084000800165300002000173336000900193 aBulancTere LiyehText a978-602-03-1411-2 aTere Liye aNovel Remaja aEbook a20231012112031 aJakartabGramedia Pustaka Utamac2015 aIndonesia a813 a400 hlm. :cPDF atext